[Event "Mistrzostwa Polski Juniorek Młodszych "]
[Site "Suwałki, Poland"]
[Date "2025.04.28"]
[Round "7.10"]
[White "Staszczyszyn, Marta"]
[Black "Andrzejewska, Anna"]
[Result "1-0"]
[WhiteElo "1533"]
[BlackElo "1505"]
[PlyCount "73"]
[EventDate "2025.??.??"]

1. d4 Nf6 2. Nf3 d5 3. e3 c5 4. b3 cxd4 5. exd4 Nc6 6. Bb2 Bg4 7. Nbd2 e6 8. a3 Bd6 9. Bd3 Qe7 10. h3 Bh5 11. O-O O-O 12. Qe1 Rfe8 13. Ne5 Qc7 14. f4 Qb6 15. Qf2 Rad8 16. Rae1 Nd7 17. Nxd7 Rxd7 18. g4 Bg6 19. f5 Rf8 20. fxg6 fxg6 21. Qe3 Rxf1+ 22. Rxf1 e5 23. c3 Re7 24. Qf2 Rd7 25. Qe2 e4 26. Bc2 Qc7 27. c4 dxc4 28. Qxc4+ Kh8 29. Nxe4 h6 30. Qe2 Kh7 31. g5 h5 32. Nxd6 Qxd6 33. Qxh5+ Kg8 34. Qg4 Qc7 35. Bxg6 Re7 36. Qh4 a6 37. Qh7# 1-0

[Event "Mistrzostwa Polski Juniorek Młodszych "]
[Site "Suwałki, Poland"]
[Date "2025.04.28"]
[Round "7.11"]
[White "Orlowska, Aleksandra"]
[Black "Wawrzyniak, Aleksandra"]
[Result "1-0"]
[WhiteElo "1466"]
[BlackElo "1528"]
[PlyCount "49"]
[EventDate "2025.??.??"]

1. e4 e5 2. Nf3 Nc6 3. d4 exd4 4. Bc4 Nf6 5. e5 d5 6. Bb5 Nd7 7. e6 fxe6 8. Bxc6 bxc6 9. Nxd4 Qf6 10. O-O e5 11. Nf3 Bd6 12. Nc3 Ba6 13. Re1 O-O 14. Kh1 Nb6 15. a3 e4 16. Nd4 Qxf2 17. Be3 Qh4 18. Bg1 Nc4 19. Nxc6 Bg3 20. Qxd5+ Kh8 21. Rxe4 Rf4 22. Rxf4 Bxf4 23. Qd3 Ne5 24. Qe4 Bb7 25. Nd5 1-0

[Event "Mistrzostwa Polski Juniorek Młodszych "]
[Site "Suwałki, Poland"]
[Date "2025.04.28"]
[Round "7.22"]
[White "Magalska, Marcelina"]
[Black "Sokola, Julia"]
[Result "1-0"]
[WhiteElo "1458"]
[BlackElo "1525"]
[PlyCount "93"]
[EventDate "2025.??.??"]

1. e4 c5 2. Nf3 d6 3. d4 cxd4 4. Nxd4 Nf6 5. Nc3 g6 6. Be2 Bg7 7. Be3 O-O 8. O-O Nc6 9. Qd2 Nd7 10. Nxc6 bxc6 11. Bd4 e5 12. Be3 f5 13. Qxd6 Rf6 14. Bg5 Rxd6 15. Bxd8 Bb7 16. Be7 Re6 17. Bc4 Nf8 18. Bxf8 Kxf8 19. Bxe6 Re8 20. exf5 c5 21. Nb5 Ba6 22. Nc7 Bxf1 23. Nxe8 Kxe8 24. Kxf1 Ke7 25. Rd1 Bh6 26. Rd7+ Kf6 27. Rxh7 Bd2 28. Rf7+ Kg5 29. fxg6 Kxg6 30. Rxa7 Kf6 31. Bd5 Kg6 32. c3 Bg5 33. Be4+ Kh5 34. Rh7+ Bh6 35. a4 Kg5 36. Rxh6 Kxh6 37. a5 Kg5 38. a6 Kf6 39. a7 Ke7 40. a8=Q Kf6 41. Qc6+ Kg7 42. Qg6+ Kf8 43. Qh7 Ke8 44. g4 Kd8 45. g5 Ke8 46. g6 Kf8 47. Qf7# 1-0

[Event "Mistrzostwa Polski Juniorek Młodszych "]
[Site "Suwałki, Poland"]
[Date "2025.04.28"]
[Round "7.20"]
[White "Lesiak, Katarzyna"]
[Black "Tempich, Wiktoria"]
[Result "1/2-1/2"]
[WhiteElo "1458"]
[BlackElo "1589"]
[PlyCount "94"]
[EventDate "2025.??.??"]

1. e4 e5 2. Nf3 Nc6 3. Bb5 Bc5 4. O-O d6 5. Bxc6+ bxc6 6. d4 exd4 7. Nxd4 Bxd4 8. Qxd4 Qf6 9. Qxf6 Nxf6 10. Re1 O-O 11. Nc3 h6 12. Bf4 Re8 13. h3 Nd7 14. Re3 Ba6 15. Rae1 f6 16. Bh2 Rab8 17. b3 Nc5 18. f4 Re7 19. Kf2 Rbe8 20. e5 fxe5 21. fxe5 d5 22. Rd1 Nd7 23. Na4 Nxe5 24. Rde1 Ng6 25. Rxe7 Rxe7 26. Rxe7 Nxe7 27. Bxc7 Kf7 28. Nc5 Bc8 29. a4 Bf5 30. c4 dxc4 31. bxc4 Be6 32. Nd3 Ke8 33. c5 Kd7 34. Bd6 Nf5 35. Ne5+ Ke8 36. Nxc6 Bd7 37. Nxa7 Bxa4 38. Nc8 Nxd6 39. cxd6 Kd8 40. Ne7 Bc2 41. g4 Kd7 42. Kf3 Kxd6 43. Nf5+ Bxf5 44. gxf5 Ke5 45. Kg4 Ke4 46. h4 Ke5 47. Kh5 Kxf5 1/2-1/2

[Event "Mistrzostwa Polski Juniorek Młodszych "]
[Site "Suwałki, Poland"]
[Date "2025.04.28"]
[Round "7.3"]
[White "Nguyen, Doan Bao Anh Angeli"]
[Black "Goralik, Zuzanna"]
[Result "1-0"]
[WhiteElo "1880"]
[BlackElo "1615"]
[PlyCount "107"]
[EventDate "2025.??.??"]

1. d4 d5 2. c4 e6 3. Nc3 Nf6 4. cxd5 exd5 5. Bg5 c6 6. e3 Be7 7. Bd3 h6 8. Bf4 O-O 9. Qc2 Re8 10. Nf3 Nbd7 11. O-O Nf8 12. h3 Ne6 13. Bh2 Bd6 14. Bxd6 Qxd6 15. Ne5 Bd7 16. f4 Rac8 17. f5 Ng5 18. h4 Nge4 19. Nxe4 Nxe4 20. Bxe4 dxe4 21. Qxe4 f6 22. Nc4 Qb4 23. Qd3 Rcd8 24. a3 Qe7 25. Qb3 b5 26. Na5+ Kh8 27. Nb7 Be6 28. fxe6 Qxb7 29. a4 a6 30. axb5 axb5 31. Ra5 Qe7 32. Rfa1 Qxe6 33. Qxe6 Rxe6 34. Kf2 Re4 35. g3 Rde8 36. R1a3 Kh7 37. Ra6 R4e6 38. Rc3 b4 39. Rb3 Kg6 40. Rb6 Kf5 41. Kf3 g5 42. g4+ Kg6 43. h5+ Kf7 44. R6xb4 Ke7 45. Rb7+ Kd6 46. Rh7 Rf8 47. Rbb7 Rd8 48. Rxh6 Rde8 49. Rb3 Kd5 50. Rh7 Rd6 51. Rf7 Rh8 52. Re7 Rh6 53. Rc3 Rh8 54. Rc5# 1-0

[Event "Mistrzostwa Polski Juniorek Młodszych "]
[Site "Suwałki, Poland"]
[Date "2025.04.28"]
[Round "7.5"]
[White "Gawerska, Karolina"]
[Black "Gruszecka, Alicja"]
[Result "1/2-1/2"]
[WhiteElo "1504"]
[BlackElo "1780"]
[PlyCount "200"]
[EventDate "2025.??.??"]

1. d4 Nf6 2. c4 e6 3. Nf3 b6 4. g3 Ba6 5. Nbd2 Bb7 6. Bg2 Be7 7. O-O O-O 8. Nb3 d5 9. Ne5 c6 10. Qc2 Nbd7 11. Nxd7 Qxd7 12. c5 Ba6 13. Re1 Rac8 14. Bd2 Bc4 15. e4 Bxb3 16. axb3 dxe4 17. cxb6 axb6 18. Bc3 Qd5 19. Bxe4 Nxe4 20. Rxe4 Bf6 21. Ra6 Qb5 22. Ra1 Ra8 23. Ra4 Qd5 24. h4 h6 25. Re1 Rxa4 26. bxa4 Bxd4 27. Bxd4 Qxd4 28. Re4 Qd5 29. Rc4 Rc8 30. Rb4 Qa5 31. Rc4 Qd5 32. Rb4 Qd8 33. Rc4 Qd7 34. b3 Qd5 35. Rb4 Qd8 36. Rc4 Qd7 37. b4 Qd5 38. b5 c5 39. Qc3 Ra8 40. Qc2 Rd8 41. Kh2 Qd2 42. Kg2 Qxc2 43. Rxc2 Ra8 44. Rd2 Kf8 45. Rd6 Rxa4 46. Rxb6 Rb4 47. Rb8+ Ke7 48. b6 c4 49. b7 c3 50. Rc8 Rxb7 51. Rxc3 Kf6 52. Ra3 Rb4 53. Ra5 Rd4 54. Kf3 g6 55. g4 Rd5 56. Ra3 h5 57. Ra4 hxg4+ 58. Kxg4 Rd2 59. f3 Rg2+ 60. Kh3 Rd2 61. Kg3 e5 62. Ra6+ Kf5 63. Ra5 f6 64. Rb5 Rd8 65. Ra5 g5 66. hxg5 Kxg5 67. Ra4 Kf5 68. Rb4 Rg8+ 69. Kf2 Rd8 70. Rb6 Rd4 71. Ke3 Ra4 72. Rb3 Kg5 73. Rb5 Kf5 74. Rb3 Rc4 75. Ra3 Rb4 76. Rc3 Rb6 77. Rc4 Ke6 78. Rc3 f5 79. Rc8 Rb3+ 80. Kf2 Rb7 81. Rc6+ Kd5 82. Ra6 Rd7 83. Ra5+ Ke6 84. Ra6+ Rd6 85. Ra8 Kf6 86. Rf8+ Kg5 87. Ke3 Ra6 88. Rg8+ Kf6 89. Rf8+ Ke6 90. Re8+ Kd5 91. Rd8+ Ke6 92. Re8+ Kd6 93. Rd8+ Ke7 94. Rd3 Ra4 95. Rb3 Ra6 96. Rc3 Ke6 97. Rb3 Rc6 98. Ra3 Rb6 99. Rc3 Ra6 100. Rb3 Rd6 {Ke4} 1/2-1/2

[Event "Mistrzostwa Polski Juniorek Młodszych "]
[Site "Suwałki, Poland"]
[Date "2025.04.28"]
[Round "7.7"]
[White "Biala, Julia"]
[Black "Dabrowska, Eliza"]
[Result "1-0"]
[WhiteElo "1604"]
[BlackElo "1522"]
[PlyCount "89"]
[EventDate "2025.??.??"]

1. d4 Nf6 2. Nf3 e6 3. Bf4 c5 4. e3 Nc6 5. Be2 h6 6. h3 d5 7. O-O Bd6 8. Bh2 Bxh2+ 9. Kxh2 Qc7+ 10. Kg1 cxd4 11. exd4 O-O 12. Nc3 Qb6 13. Rb1 Ne4 14. Bd3 f5 15. Ne2 Bd7 16. c4 Be8 17. c5 Qc7 18. b4 a6 19. a4 b6 20. b5 axb5 21. axb5 Ne7 22. c6 Bh5 23. Bxe4 fxe4 24. Ne5 Ng6 25. Nd7 Nf4 26. Nxf4 Bxd1 27. Nxe6 Qd6 28. Nexf8 Bh5 29. Rfc1 Be8 30. Nxb6 Rb8 31. Nfd7 Bxd7 32. Nxd7 Rc8 33. b6 Kh7 34. b7 Rxc6 35. Rxc6 Qxc6 36. b8=Q Qxd7 37. Rb7 Qc6 38. Qc7 Qf6 39. Qe5 Qg6 40. Qxd5 Qe8 41. Qe5 Qg6 42. d5 h5 43. d6 Qh6 44. Qxe4+ Kh8 45. Rb8# 1-0

[Event "Mistrzostwa Polski Juniorek Młodszych "]
[Site "Suwałki, Poland"]
[Date "2025.04.28"]
[Round "7.4"]
[White "Saliuk, Maryia"]
[Black "Samol, Zofia"]
[Result "1-0"]
[WhiteElo "1633"]
[BlackElo "1512"]
[PlyCount "107"]
[EventDate "2025.??.??"]

1. e4 c5 2. Nc3 e6 3. f4 Nc6 4. Nf3 a6 5. Be2 b5 6. a3 Bb7 7. O-O Be7 8. d3 Qc7 9. Qe1 d6 10. Bd1 Bf6 11. Kh1 Nge7 12. Qg3 g6 13. Re1 O-O 14. Qh3 Bg7 15. Rf1 Nd4 16. Qh4 Nec6 17. Ne2 Qd8 18. Qh3 Nxf3 19. Rxf3 Nd4 20. Nxd4 Bxd4 21. Rg3 Bf2 22. Rf3 Qh4 23. Be3 Qxh3 24. Rxh3 Bxe3 25. Rxe3 Rac8 26. Be2 Rfe8 27. Rf1 f5 28. e5 dxe5 29. Rxe5 Bd5 30. Bf3 Rcd8 31. h3 c4 32. dxc4 Bxc4 33. Rfe1 Kf7 34. Kg1 Rd4 35. b3 Bd5 36. Bxd5 Rxd5 37. Rxd5 exd5 38. Rxe8 Kxe8 39. Kf2 Kd7 40. Ke3 Kd6 41. Kd4 Kc6 42. b4 Kd6 43. h4 h6 44. g3 h5 45. c3 Ke6 46. Kc5 d4 47. cxd4 g5 48. hxg5 Kf7 49. Kc6 Ke7 50. d5 Kd8 51. g6 Ke7 52. d6+ Kd8 53. g7 h4 54. g8=Q# 1-0

[Event "Mistrzostwa Polski Juniorek Młodszych "]
[Site "Suwałki, Poland"]
[Date "2025.04.28"]
[Round "7.1"]
[White "Slusarczyk, Agnieszka"]
[Black "Rzadkowska, Lila"]
[Result "1/2-1/2"]
[WhiteElo "1730"]
[BlackElo "1896"]
[PlyCount "77"]
[EventDate "2025.??.??"]

1. Nf3 d5 2. g3 Nf6 3. Bg2 Bf5 4. O-O c6 5. d4 e6 6. Nbd2 Bd6 7. Re1 h6 8. c4 Nbd7 9. h3 Ne4 10. c5 Bc7 11. Nxe4 Bxe4 12. Nd2 Bxg2 13. Kxg2 O-O 14. e4 dxe4 15. Nxe4 Nf6 16. Nxf6+ Qxf6 17. Be3 Rfd8 18. Qb3 Ba5 19. Red1 Rd7 20. Qa4 Bd8 21. b4 Qf5 22. b5 Qd5+ 23. Kg1 Bf6 24. Rac1 cxb5 25. Qxb5 Qc6 26. Qb4 Rad8 27. Rc2 Bg5 28. f4 Qf3 29. Qe1 Bf6 30. Rcd2 Qe4 31. Qf2 Rc8 32. g4 Qd5 33. Qg3 Bd8 34. g5 hxg5 35. fxg5 Bc7 36. Qg4 g6 37. h4 Kg7 38. Bf4 Bxf4 39. Qxf4 1/2-1/2

[Event "Mistrzostwa Polski Juniorek Młodszych "]
[Site "Suwałki, Poland"]
[Date "2025.04.28"]
[Round "7.16"]
[White "Wawrzyniak, Weronika"]
[Black "Dudek, Julia"]
[Result "1/2-1/2"]
[WhiteElo "1479"]
[BlackElo "1552"]
[PlyCount "77"]
[EventDate "2025.??.??"]

1. d4 d5 2. Nc3 c6 3. e4 dxe4 4. Nxe4 Nf6 5. Nc3 g6 6. Nf3 Bg7 7. Be3 Nd5 8. Nxd5 cxd5 9. Bd3 O-O 10. Qd2 Nc6 11. Bh6 Bg4 12. Ne5 Bd7 13. h4 Qc7 14. Nxc6 Bxc6 15. Bxg7 Kxg7 16. h5 Rh8 17. g4 e5 18. hxg6 hxg6 19. O-O-O e4 20. Be2 Rh2 21. Qe3 Rah8 22. Rhg1 a5 23. Rg3 Rh1 24. f4 Rxd1+ 25. Bxd1 a4 26. f5 b5 27. fxg6 fxg6 28. g5 b4 29. Qf2 Rf8 30. Qg2 Rh8 31. Qf2 Rf8 32. Qg1 Rh8 33. Rg2 Rf8 34. Rg4 Rh8 35. Qf1 Rf8 36. Qh3 Rh8 37. Qf1 Rf8 38. Qh1 Rh8 39. Qf1 1/2-1/2

[Event "Mistrzostwa Polski Juniorek Młodszych "]
[Site "Suwałki, Poland"]
[Date "2025.04.28"]
[Round "7.9"]
[White "Przygodzka, Emilia"]
[Black "Holubowska, Zofia"]
[Result "0-1"]
[WhiteElo "1489"]
[BlackElo "1545"]
[PlyCount "162"]
[EventDate "2025.??.??"]

1. f4 d5 2. Nf3 Nf6 3. g3 e6 4. Bg2 Be7 5. O-O O-O 6. d4 c5 7. e3 b6 8. Nc3 Bb7 9. Ne5 Nbd7 10. f5 cxd4 11. exd4 a6 12. Ng4 Bc8 13. Ne3 Bd6 14. Ne2 Bb7 15. c4 Qc7 16. Nc3 dxc4 17. Bxb7 Qxb7 18. Nxc4 Be7 19. Qe2 Qc6 20. Bg5 Nd5 21. Bxe7 Nxe7 22. Ne3 Nf6 23. Rac1 Qd6 24. Rcd1 Rfd8 25. Nc4 Qc6 26. fxe6 fxe6 27. Ne5 Qc8 28. Ng4 Nxg4 29. Qxg4 Nd5 30. Rf3 Nxc3 31. Rxc3 Qd7 32. Rcd3 Rac8 33. Qe4 Qd5 34. Qe3 Rc2 35. R3d2 Rdc8 36. b3 R8c3 37. Qf4 Rxd2 38. Qxd2 Qf3 39. Re1 Rd3 40. Qc2 Rc3 41. Qe2 Qxe2 42. Rxe2 Kf7 43. Rd2 Rc7 44. d5 exd5 45. Rxd5 Rc1+ 46. Kg2 Rc2+ 47. Kh3 Rxa2 48. Rd6 b5 49. Rd3 h6 50. g4 Ra3 51. Kh4 Ra2 52. h3 Rc2 53. b4 Rc4 54. Rb3 Kg6 55. Kg3 Kf6 56. Kf3 g6 57. Kg3 Ke5 58. Kf3 Kd5 59. Ke3 Rd4 60. Rd3 Rxd3+ 61. Kxd3 g5 62. Kc3 Ke4 63. Kc2 Kd4 64. Kb3 Kd3 65. Ka2 Kc4 66. Ka3 Kc3 67. Ka2 Kxb4 68. Kb2 a5 69. Kb1 Kb3 70. Ka1 a4 71. Kb1 a3 72. Ka1 Kc3 73. Ka2 b4 74. Ka1 Kc2 75. Ka2 b3+ 76. Kxa3 b2 77. Ka4 b1=Q 78. Ka5 Qb7 79. Ka4 Kc3 80. Ka5 Kc4 81. Ka4 Qb4# 0-1

[Event "Mistrzostwa Polski Juniorek Młodszych "]
[Site "Suwałki, Poland"]
[Date "2025.04.28"]
[Round "7.2"]
[White "Kaminska, Zuzanna"]
[Black "Trzcinska, Weronika"]
[Result "1-0"]
[WhiteElo "1899"]
[BlackElo "1587"]
[PlyCount "131"]
[EventDate "2025.??.??"]

1. e4 e5 2. Nf3 Nc6 3. d4 exd4 4. Bc4 Be7 5. Nxd4 d6 6. Nc3 Nxd4 7. Qxd4 Nf6 8. O-O O-O 9. Bf4 Nd7 10. Rad1 Bf6 11. Qe3 Bxc3 12. bxc3 Nb6 13. Bb3 Be6 14. e5 Bxb3 15. axb3 Re8 16. Qg3 d5 17. Bg5 f6 18. exf6 Qd7 19. fxg7 Qxg7 20. Rfe1 c6 21. h4 Nd7 22. Re3 Rxe3 23. Qxe3 Qf7 24. Re1 Nf6 25. Bxf6 Qxf6 26. Qg3+ Kh8 27. Qe5 Qxe5 28. Rxe5 a5 29. Re6 Kg8 30. Rd6 Ra7 31. Rd7 a4 32. bxa4 Rxa4 33. Rxb7 Rxh4 34. Rb4 Rh6 35. f4 Re6 36. Kf2 Kg7 37. g4 Kf6 38. Rb6 h6 39. Kf3 Ke7 40. f5 Rf6 41. Kf4 Kd6 42. Rb7 Rf8 43. Rh7 Rf6 44. Rg7 c5 45. g5 hxg5+ 46. Kxg5 Rf8 47. f6 Kc6 48. f7 Kb5 49. Kf6 Kc4 50. Rg3 Ra8 51. Kg7 Ra7 52. Kg8 Ra8+ 53. f8=Q Rxf8+ 54. Kxf8 Kb5 55. Ke7 Ka4 56. Kd6 Ka3 57. Kxc5 Kb2 58. Kxd5 Kxc2 59. c4 Kd2 60. c5 Ke2 61. c6 Kf2 62. Ra3 Ke2 63. c7 Kd2 64. c8=Q Kd1 65. Ra2 Ke1 66. Qc1# 1-0

[Event "Mistrzostwa Polski Juniorek Młodszych "]
[Site "Suwałki, Poland"]
[Date "2025.04.28"]
[Round "7.13"]
[White "Blaszkiewicz, Elzbieta"]
[Black "Halibozek, Zofia"]
[Result "0-1"]
[WhiteElo "1538"]
[BlackElo "1608"]
[PlyCount "142"]
[EventDate "2025.??.??"]

1. c4 e6 2. Nc3 d5 3. cxd5 exd5 4. d4 Nf6 5. Nf3 c6 6. Bg5 Be7 7. e3 Nbd7 8. Bd3 h6 9. Bh4 O-O 10. O-O Bd6 11. Rb1 a5 12. a3 Qc7 13. b4 axb4 14. axb4 b5 15. Bxf6 Nxf6 16. h3 Re8 17. Qc2 Qe7 18. Qb2 Bd7 19. Nd2 Ra7 20. Rfe1 Be6 21. e4 dxe4 22. Ndxe4 Nxe4 23. Rxe4 Qf6 24. d5 cxd5 25. Nxd5 Qxb2 26. Rxb2 Ra1+ 27. Rb1 Rxb1+ 28. Bxb1 Ra8 29. Nc3 Ra1 30. g4 g6 31. Kg2 Rxb1 32. Nxb1 Bd5 33. Kf3 Bxe4+ 34. Kxe4 Bxb4 35. Kd4 Kg7 36. Nc3 Bxc3+ 37. Kxc3 Kf6 38. f4 h5 39. Kb4 hxg4 40. hxg4 g5 41. f5 Ke5 42. Kxb5 Kf4 43. Kc5 Kxg4 44. f6 Kf5 45. Kd4 Kxf6 46. Ke4 Kg6 47. Kf3 f5 48. Kg3 Kh5 49. Kh3 f4 50. Kg2 g4 51. Kf2 Kh4 52. Kg2 f3+ 53. Kf2 g3+ 54. Kg1 Kh3 55. Kh1 g2+ 56. Kg1 f2+ 57. Kxf2 Kh2 58. Kf3 g1=Q 59. Ke4 Qg5 60. Kd4 Qf5 61. Ke3 Qg4 62. Kf2 Qg3+ 63. Ke2 Kg2 64. Kd2 Kf2 65. Kc2 Ke2 66. Kb2 Qd3 67. Ka2 Qc3 68. Kb1 Qd2 69. Ka1 Kd3 70. Kb1 Kc3 71. Ka1 Qb2# 0-1

[Event "Mistrzostwa Polski Juniorek Młodszych "]
[Site "Suwałki, Poland"]
[Date "2025.04.28"]
[Round "7.18"]
[White "Urban, Hanna"]
[Black "Czekaj, Aleksandra"]
[Result "0-1"]
[WhiteElo "1530"]
[BlackElo "1507"]
[PlyCount "92"]
[EventDate "2025.??.??"]

1. e4 e6 2. d4 d5 3. e5 c5 4. c3 Qb6 5. Nf3 Nc6 6. Bd3 cxd4 7. cxd4 Bd7 8. O-O Nxd4 9. Nxd4 Qxd4 10. Nc3 Qxe5 11. Re1 Qd6 12. Nb5 Qb6 13. Be3 Qd8 14. Rc1 Bc6 15. Bf4 Bb4 16. Re2 Ba5 17. Nd6+ Kf8 18. Rec2 Ne7 19. Qh5 Ng6 20. Bg3 Qe7 21. Ba6 Kg8 22. a3 e5 23. Nf5 Qf6 24. b4 Bd8 25. b5 Bd7 26. Bxb7 Rb8 27. Bc8 Bxb5 28. Rb2 Rb6 29. Rd2 d4 30. Rc5 Ba4 31. h3 Bc6 32. Bxe5 Nxe5 33. Rxe5 Rb1+ 34. Rd1 Rxd1+ 35. Qxd1 Qxe5 36. Nxd4 Qd5 37. Qg4 h5 38. Qf3 Qxf3 39. gxf3 Ba8 40. Ba6 Bb6 41. Nf5 g6 42. Nh4 Kg7 43. Kg2 Kf6 44. Kg3 Bc7+ 45. f4 g5 46. Nf3 Bxf4+ 0-1

[Event "Mistrzostwa Polski Juniorek Młodszych "]
[Site "Suwałki, Poland"]
[Date "2025.04.28"]
[Round "7.17"]
[White "Kasprzyszyn, Karolina"]
[Black "Jankiewicz, Lucja"]
[Result "0-1"]
[WhiteElo "1561"]
[BlackElo "1513"]
[PlyCount "94"]
[EventDate "2025.??.??"]

1. e4 e5 2. Nf3 Nc6 3. Nc3 Nf6 4. h3 h6 5. d4 exd4 6. Nxd4 Bc5 7. Nxc6 bxc6 8. Bd3 O-O 9. O-O d5 10. e5 Nd7 11. Bf4 Re8 12. Re1 Qh4 13. Qf3 Bb6 14. Rad1 Rb8 15. Rb1 Ba5 16. Qe3 c5 17. Nxd5 Bxe1 18. Rxe1 Rxb2 19. Nxc7 Re7 20. e6 fxe6 21. Nxe6 Nf8 22. Bg3 Qb4 23. Bf5 Rb1 24. Rxb1 Qxb1+ 25. Kh2 Bxe6 26. Bxe6+ Rxe6 27. Qxc5 Qxa2 28. Bd6 Rf6 29. Bg3 Qa6 30. c4 Qb6 31. Qd5+ Qe6 32. Qd4 a6 33. c5 Qc6 34. Bd6 Rg6 35. f3 Ne6 36. Qc4 Qb5 37. Qxb5 axb5 38. c6 Rf6 39. c7 Nxc7 40. Bxc7 Rc6 41. Be5 b4 42. g4 b3 43. Kg3 Rb6 44. Bb2 Rc6 45. h4 Rc2 46. Be5 b2 47. Bxb2 Rxb2 0-1

[Event "Mistrzostwa Polski Juniorek Młodszych "]
[Site "Suwałki, Poland"]
[Date "2025.04.28"]
[Round "7.19"]
[White "Wrzesinska, Amelia"]
[Black "Romanska, Rozalia"]
[Result "1-0"]
[WhiteElo "1619"]
[BlackElo "1401"]
[PlyCount "63"]
[EventDate "2025.??.??"]

1. e4 c5 2. Nf3 d6 3. Nc3 Nf6 4. d4 cxd4 5. Qxd4 Nc6 6. Bb5 Bd7 7. Bxc6 Bxc6 8. Bg5 Nd7 9. O-O-O Nc5 10. e5 Ne6 11. Qe3 Bxf3 12. gxf3 Nxg5 13. Qxg5 e6 14. Qf4 d5 15. Rhg1 Rc8 16. Qa4+ Qd7 17. Qd4 a6 18. Ne4 Qc6 19. Nc3 Qc4 20. Qg4 g6 21. Rd4 Qc5 22. Rgd1 Qb6 23. Nxd5 Bh6+ 24. Kb1 Qc6 25. Nf6+ Kf8 26. Rd8+ Ke7 27. R1d7+ Qxd7 28. Rxd7+ Kf8 29. Qb4+ Kg7 30. Qxb7 Rhd8 31. Rxf7+ Kh8 32. Rxh7# 1-0

[Event "Mistrzostwa Polski Juniorek Młodszych "]
[Site "Suwałki, Poland"]
[Date "2025.04.28"]
[Round "7.6"]
[White "Krotava, Palina"]
[Black "Kolorz, Julia"]
[Result "1-0"]
[WhiteElo "1562"]
[BlackElo "1531"]
[PlyCount "129"]
[EventDate "2025.??.??"]

1. e4 e5 2. d4 exd4 3. Nf3 Nf6 4. e5 Qe7 5. Be2 Ng8 6. O-O Nc6 7. Re1 b6 8. Bg5 Qc5 9. Nbd2 h6 10. Nb3 Qd5 11. Bf4 g5 12. Be3 g4 13. Nfxd4 Nxe5 14. Bf4 Ne7 15. Bxe5 Qxe5 16. Bf3 Qf6 17. Bxa8 c6 18. Qd2 Bg7 19. a4 a5 20. Rad1 O-O 21. Re2 Ba6 22. Re4 Rxa8 23. Rde1 Ng6 24. Qe3 c5 25. Nb5 Bxb5 26. axb5 Qxb2 27. Qd3 a4 28. Na1 a3 29. Qb3 Ra5 30. Ra4 Rxb5 31. Qxa3 Qxa3 32. Rxa3 Ra5 33. Rxa5 bxa5 34. Nb3 d6 35. Re8+ Kh7 36. Nxa5 Be5 37. Nc4 Kg7 38. Rd8 Ne7 39. Nxe5 dxe5 40. Rd7 Ng6 41. Rd5 c4 42. Rc5 c3 43. Rxc3 Nf4 44. Rc8 Ne2+ 45. Kf1 Nd4 46. c4 Ne6 47. c5 Kf6 48. c6 h5 49. c7 Ke7 50. Re8+ Kxe8 51. c8=Q+ Ke7 52. Qh8 f5 53. Qxe5 Kf7 54. Qxf5+ Ke7 55. Qxh5 Kf6 56. Qxg4 Kf7 57. h4 Ng7 58. h5 Kf8 59. h6 Ne6 60. h7 Ke7 61. h8=Q Kd6 62. Qh6 Kc7 63. Qgxe6 Kb8 64. Qb6+ Kc8 65. Qhc6# 1-0

[Event "Mistrzostwa Polski Juniorek Młodszych "]
[Site "Suwałki, Poland"]
[Date "2025.04.28"]
[Round "7.8"]
[White "Delikat, Zofia"]
[Black "Klincewicz, Katarzyna"]
[Result "0-1"]
[WhiteElo "1409"]
[BlackElo "1587"]
[PlyCount "65"]
[EventDate "2025.??.??"]

1. e4 e6 2. d4 d5 3. Nd2 c5 4. exd5 exd5 5. Bb5+ Bd7 6. Bxd7+ Nxd7 7. Ne2 Ngf6 8. O-O Bd6 9. dxc5 Nxc5 10. Re1 O-O 11. Nb3 Nxb3 12. axb3 Qc7 13. g3 Rfe8 14. Nd4 Rxe1+ 15. Qxe1 Re8 16. Qd1 a6 17. Be3 Qd7 18. Nf3 Bc7 19. Qd3 Qg4 20. Nd4 Qe4 21. Qxe4 dxe4 22. h3 Nd5 23. Re1 Nxe3 24. Rxe3 Bb6 25. c3 f5 26. Re1 g6 27. Kf1 Kf7 28. Ke2 Kf6 29. Rd1 Rd8 30. Ke3 Ke5 31. Rd2 g5 32. f4+ exf3 33. Kxf3 0-1

[Event "Mistrzostwa Polski Juniorek Młodszych "]
[Site "Suwałki, Poland"]
[Date "2025.04.28"]
[Round "7.14"]
[White "Babicz, Hanna"]
[Black "Dabkowska, Michalina"]
[Result "1-0"]
[WhiteElo "1560"]
[BlackElo "1561"]
[PlyCount "61"]
[EventDate "2025.??.??"]

1. e4 e6 2. d4 d5 3. e5 c5 4. c3 Ne7 5. b4 cxd4 6. cxd4 Nf5 7. a3 Qb6 8. Nf3 Nc6 9. Be3 Bd7 10. Nc3 a6 11. Be2 Rc8 12. Na4 Qa7 13. Nc5 Bxc5 14. bxc5 b6 15. Rc1 O-O 16. Bd3 Nxe3 17. fxe3 Ne7 18. Bxh7+ Kh8 19. Ng5 g6 20. Qf3 Nf5 21. g4 f6 22. exf6 Rxf6 23. gxf5 Rxf5 24. Qh3 Kg7 25. Rg1 Rh8 26. Qg4 Rf6 27. Bxg6 e5 28. Qg3 exd4 29. Nh7 Re6 30. Bf5+ Kf7 31. Qg7+ 1-0

[Event "Mistrzostwa Polski Juniorek Młodszych "]
[Site "Suwałki, Poland"]
[Date "2025.04.28"]
[Round "7.21"]
[White "Oberc, Patrycja"]
[Black "Gorecka, Laura"]
[Result "1/2-1/2"]
[WhiteElo "1556"]
[BlackElo "1473"]
[PlyCount "81"]
[EventDate "2025.??.??"]

1. e4 c5 2. Nf3 d6 3. d4 cxd4 4. Nxd4 Nf6 5. Nc3 Nc6 6. Be3 Ng4 7. Be2 Nxe3 8. fxe3 Qb6 9. b3 g6 10. Nd5 Qd8 11. O-O Bg7 12. Bc4 O-O 13. Qd2 Ne5 14. Be2 Ng4 15. Bxg4 Bxg4 16. h3 Bd7 17. Rf2 Bc6 18. Raf1 Rc8 19. c4 Bd7 20. Qd3 e5 21. Nf3 f5 22. exf5 Bxf5 23. e4 Be6 24. Qe3 Bxd5 25. exd5 Qb6 26. Qxb6 axb6 27. Ng5 Rxf2 28. Rxf2 Bh6 29. h4 Re8 30. Re2 Rf8 31. Ne6 Rc8 32. g4 Bc1 33. Kh2 Ba3 34. h5 Bc5 35. hxg6 hxg6 36. Re1 Ra8 37. Re2 Kf7 38. Kg3 Rh8 39. Rh2 Rxh2 40. Kxh2 Ke7 41. Kg3 1/2-1/2